000 00542nam a2200169Ia 4500
008 090711s9999 xx 000 0 und d
082 _b64120
100 _aकीर गिरिजा
245 _aतसूभर जमीन मनभर आकाश
260 _c1989
300 _a128
600 _aकीर गिरिजा
630 _aतसूभर जमीन मनभर आकाश
700 _aकीर गिरिजा
730 _aतसूभर जमीन मनभर आकाश
942 _cBOOK
999 _c310636
_d310636